000 00644nam a2200253Ia 4500
001 20499
005 20240114000519.0
007 ta
008 060223s a g b000 u 465 u
020 _cPB
040 _aCotton College,Assam
041 _a465
082 _a821.09
_bD 832 P
100 _aDrinkwater, John .
245 0 _aProse Papers /
_cJohn Drinkwater.
_hTextual Documents
250 _a1st ed. /
260 _aLondon :
_bElkin Mathews ,
_cnd.
300 _a260p. :
_bill ;
_c17cm .
653 _aEnglish poetry-Criticism
653 _aG-English
942 _2ddc
_cBK
999 _c20481
_d20481